00413nam a2200181Ia 4500008004100000020001800041050001400059100001700073245002500090245001700115260001500132260001600147260000900163300001400172300002700186300001000213500000800223170918s9999 xx 000 0 und d a9780590623575 bJ291 1991 aJames, Simon aDear Mr. Blueberry / cSimon James. aNew York : bScholastic, c1991 aunpaged : bcolored illustration ; c20cm. a660